Statistics for Finish the Lyrics - What Makes You Beautiful

Click here to take the quiz!

General Stats

  • This quiz has been taken 81 times
  • The average score is 44 of 48

Answer Stats

HintAnswer% Correct
That's what makes you _________beautifulbeautiful
99%
You don't know, oh-oh, you don't know you're _________, oh-ohbeautiful
99%
You don't know you're _________, oh-ohbeautiful
99%
You don't know (Don't know), oh-oh, you don't know you're _________, oh-ohbeautiful
99%
You don't know, oh-oh, you don't know you're _________ (Oh, woah)beautiful
99%
(You don't know, oh-oh) You don't know you're _________beautiful
99%
That's what makes you _________beautiful
99%
You don't know, oh-oh, you don't know you're _________, oh-ohbeautiful
99%
That's what makes you _________
beautiful
99%
You don't know, oh-oh, you don't know you're _________ (Oh)beautiful
99%
You don't know, oh-oh, you don't know you're _________beautiful
99%
Baby, you _____ up my world like nobody elselight
99%
Baby, you _____ up my world like nobody else (_____ up my world like nobody else)light
99%
Baby, you _____ up my world like nobody else ('Body else)light
99%
Baby, you _____ up my world like nobody elselight
99%
Everyone else but ___you
99%
Everyone else but ___you
99%
The way that you flip your ____ gets me overwhelmedhair
97%
The way that you flip your ____ (C'mon) gets me overwhelmedhair
97%
The way that you flip your ____ gets me overwhelmedhair
97%
The way that you flip your ____ gets me overwhelmedhair
97%
Everyone else in the ____ can see itroom
97%
Everyone else in the ____ can see itroom
97%
If only you saw what I can ___see
96%
If only you saw what I can ___see
96%
If only you saw what I can ___see
96%
You're ________, don't know what forinsecure
92%
Don't need ______ to cover up (Huh)makeup
92%
Right now I'm looking at you and I can't _______believe
91%
Right now I'm looking at you and I can't _______believe
91%
Right now I'm looking at you and I can't _______believe
91%
Bein' the way that you are is ______enough
91%
But when you _____ at the ground (_____ at the ground), it ain't hard to tellsmile
89%
But when you _____ at the ground, it ain't hard to tellsmile
89%
But when you _____ at the ground, it ain't hard to tellsmile
89%
But when you _____ at the ground, it ain't hard to tellsmile
89%
You'll understand why I want you so ___________desperately
88%
You'll understand why I want you so ___________ (___________)desperately
88%
You'll understand why I want you so ___________desperately
88%
You're turnin' _____ when you walk through the doorheads
88%
And turn away when I look into your ____eyes
87%
I don't know why you're being ___shy
81%
To prove I'm right, I put it in a ____song
77%
So c-come on, you got it _____wrong
71%
__, __-__-__, __-__na
59%
__, __-__-__, __-__-__, __, __na
59%
__, __-__-__, __-__na
59%
__, __-__-__, __-__-__, __, __na
59%

Score Distribution

Percentile by Number Answered

Percent of People with Each Score

Your Score History

You have not taken this quiz